|
|
|
|
| LEADER |
00000cam a2200000 c 4500 |
| 001 |
271841400 |
| 003 |
DE-627 |
| 005 |
20260206195300.0 |
| 007 |
tu |
| 008 |
931019s1993 gw ||||| m 00| ||ger c |
| 015 |
|
|
|a 93,N43,0300
|2 dnb
|
| 015 |
|
|
|a 94,A34,0998
|2 dnb
|
| 016 |
7 |
|
|a 931267358
|2 DE-101
|
| 020 |
|
|
|a 3631466129
|9 3-631-46612-9
|
| 035 |
|
|
|a (DE-627)271841400
|
| 035 |
|
|
|a (DE-603)026714019
|
| 035 |
|
|
|a (DE-576)035626550
|
| 035 |
|
|
|a (DE-599)GBV271841400
|
| 035 |
|
|
|a (OCoLC)246671049
|
| 035 |
|
|
|a (OCoLC)722379101
|
| 035 |
|
|
|a (OCoLC)32348230
|
| 040 |
|
|
|a DE-627
|b ger
|c DE-627
|e rakwb
|
| 041 |
|
|
|a ger
|
| 044 |
|
|
|c XA-DE
|c XA-CH
|c XD-US
|
| 050 |
|
0 |
|a KK9662
|
| 082 |
0 |
|
|a 344.3058
|
| 082 |
0 |
|
|a 345.43/08
|
| 082 |
0 |
|
|a 345.4308
|a 344.3058
|q LoC
|2 DDC20oclc
|
| 084 |
|
|
|a 19
|a 14
|2 sdnb
|
| 084 |
|
|
|a PH 9140
|2 rvk
|0 (DE-625)rvk/136534:
|
| 084 |
|
|
|a PH 8420
|2 rvk
|0 (DE-625)rvk/136501:
|
| 084 |
|
|
|a PH 4420
|2 rvk
|0 (DE-625)rvk/136135:
|
| 084 |
|
|
|a 86.39
|2 bkl
|
| 084 |
|
|
|a 79.16
|2 bkl
|
| 084 |
|
|
|a 86.10
|2 bkl
|
| 084 |
|
|
|a 86.41
|2 bkl
|
| 100 |
1 |
|
|8 1\p
|a Woldenberg, Andrea van den
|d 1960-
|0 (DE-588)172641241
|0 (DE-627)697575144
|0 (DE-576)133500063
|4 aut
|
| 109 |
|
|
|a Woldenberg, Andrea van den 1960-
|
| 245 |
1 |
0 |
|a Diversion im Spannungsfeld zwischen "Betreuungsjustiz" und Rechtsstaatlichkeit
|c Andrea van den Woldenberg
|
| 264 |
|
1 |
|a Frankfurt am Main
|a Berlin [u.a.]
|b Lang
|c 1993
|
| 300 |
|
|
|a XIII, 235 S.
|
| 336 |
|
|
|a Text
|b txt
|2 rdacontent
|
| 337 |
|
|
|a ohne Hilfsmittel zu benutzen
|b n
|2 rdamedia
|
| 338 |
|
|
|a Band
|b nc
|2 rdacarrier
|
| 490 |
1 |
|
|a Europäische Hochschulschriften
|a Reihe 2, Rechtswissenschaft = Droit = Law
|v 1460
|
| 500 |
|
|
|a Includes bibliographical references (p. 193-235)
|
| 502 |
|
|
|a Zugl.: Bochum, Univ., Diss., 1993
|
| 583 |
1 |
|
|a Archivierung prüfen
|c 20240324
|f DE-4165
|z 3
|2 pdager
|
| 650 |
0 |
7 |
|0 (DE-588)4125279-2
|0 (DE-627)10574140X
|0 (DE-576)209575247
|a Jugendstrafverfahren
|2 gnd
|
| 650 |
0 |
7 |
|0 (DE-588)4199286-6
|0 (DE-627)105182222
|0 (DE-576)210127694
|a Diversion
|g Kriminalpolitik
|2 gnd
|
| 650 |
0 |
7 |
|0 (DE-588)4122326-3
|0 (DE-627)105763276
|0 (DE-576)209550465
|a Rechtsstaatsprinzip
|2 gnd
|
| 653 |
|
0 |
|a Juvenile justice, Administration of
|a Germany
|
| 653 |
|
0 |
|a Alternatives to imprisonment
|a Germany
|
| 655 |
|
7 |
|a Hochschulschrift
|0 (DE-588)4113937-9
|0 (DE-627)105825778
|0 (DE-576)209480580
|2 gnd-content
|
| 689 |
0 |
0 |
|d s
|0 (DE-588)4125279-2
|0 (DE-627)10574140X
|0 (DE-576)209575247
|a Jugendstrafverfahren
|2 gnd
|
| 689 |
0 |
1 |
|d s
|0 (DE-588)4199286-6
|0 (DE-627)105182222
|0 (DE-576)210127694
|a Diversion
|g Kriminalpolitik
|2 gnd
|
| 689 |
0 |
2 |
|d s
|0 (DE-588)4122326-3
|0 (DE-627)105763276
|0 (DE-576)209550465
|a Rechtsstaatsprinzip
|2 gnd
|
| 689 |
0 |
|
|5 DE-101
|
| 751 |
|
|
|a Bochum
|0 (DE-588)4007328-2
|0 (DE-627)106374028
|0 (DE-576)208869697
|4 uvp
|
| 830 |
|
0 |
|a Europäische Hochschulschriften
|n Reihe 2
|p Rechtswissenschaft
|v 1460
|9 1460
|w (DE-627)130134236
|w (DE-576)015671542
|w (DE-600)510544-4
|x 0531-7312
|7 am
|
| 883 |
|
|
|8 1\p
|a cgwrk
|d 20241001
|q DE-101
|u https://d-nb.info/provenance/plan#cgwrk
|
| 889 |
|
|
|w (DE-627)128512075
|
| 935 |
|
|
|a mkri
|
| 935 |
|
|
|i mdedup
|
| 935 |
|
|
|i Blocktest
|
| 936 |
r |
v |
|a PH 9140
|b Sanktionen im Jugendstrafrecht (hier auch Kriminalpädagogik bei Jugendlichen)
|k Rechtswissenschaft
|k Strafrecht, Strafverfahrensrecht, Kriminologie
|k Kriminologie
|k Pönologie; Kriminalpädagogik; Sanktionenforschung
|k Sanktionen im Jugendstrafrecht (hier auch Kriminalpädagogik bei Jugendlichen)
|0 (DE-627)127205392X
|0 (DE-625)rvk/136534:
|0 (DE-576)20205392X
|
| 936 |
r |
v |
|a PH 8420
|b Kinderkriminalität; Jugendkriminalität; Frauenkriminalität, Mädchenkriminalität; Alterskriminalität; Ausländerkriminalität
|k Rechtswissenschaft
|k Strafrecht, Strafverfahrensrecht, Kriminologie
|k Kriminologie
|k Soziale Profile; Soziale Gruppen; Tätergemeinschaften (hier auch: Internationale Kriminalität)
|k Kinderkriminalität; Jugendkriminalität; Frauenkriminalität, Mädchenkriminalität; Alterskriminalität; Ausländerkriminalität
|0 (DE-627)1271674998
|0 (DE-625)rvk/136501:
|0 (DE-576)201674998
|
| 936 |
r |
v |
|a PH 4420
|b Einzeldarstellungen
|k Rechtswissenschaft
|k Strafrecht, Strafverfahrensrecht, Kriminologie
|k Nebenstrafrecht
|k Jugendstrafrecht
|k Einzeldarstellungen
|0 (DE-627)1272237168
|0 (DE-625)rvk/136135:
|0 (DE-576)202237168
|
| 936 |
b |
k |
|a 86.39
|j Jugendstrafrecht
|0 (DE-627)181571994
|
| 936 |
b |
k |
|a 79.16
|j Jugendhilfe
|x Sozialarbeit
|0 (DE-627)106412930
|
| 936 |
b |
k |
|a 86.10
|j Recht einzelner Länder, Gebiete und Völker
|0 (DE-627)106422499
|
| 936 |
b |
k |
|a 86.41
|j Kriminologie
|0 (DE-627)181572001
|
| 936 |
s |
n |
|a p100
|2 mzub
|
| 936 |
s |
n |
|a m200
|2 mzub
|
| 951 |
|
|
|a BO
|
| ELC |
|
|
|b 1
|
| LOK |
|
|
|0 000 xxxxxcx a22 zn 4500
|
| LOK |
|
|
|0 001 3205063538
|
| LOK |
|
|
|0 003 DE-627
|
| LOK |
|
|
|0 004 271841400
|
| LOK |
|
|
|0 005 19940118000000
|
| LOK |
|
|
|0 008 940118||||||||||||||||ger|||||||
|
| LOK |
|
|
|0 040
|a DE-Frei85
|c DE-627
|d DE-Frei85
|
| LOK |
|
|
|0 852
|a DE-Frei85
|
| LOK |
|
|
|0 852 1
|m p
|9 00
|
| LOK |
|
|
|0 938
|k p
|
| LOK |
|
|
|0 939
|a 18-01-94
|b l01
|
| ORI |
|
|
|a SA-MARC-krimdoka001.raw
|